| 000 | 00786nam 2200205 4500 | ||
|---|---|---|---|
| 001 | 5903 | ||
| 010 | _a0915365-14-6 | ||
| 090 | _a5903 | ||
| 100 | _a20190729k u||y0frey50 ba | ||
| 101 |
_aspa _ceng |
||
| 200 |
_aAborto _bBrochure _euna guía para tomar decisiones éticas _fpor Marjorie Reiley Maguire, Daniel C. Maguire _gCatólicos Pro Derecho a Escoger |
||
| 210 |
_aWashington _cCatholics for a Free Choice (CFFC) _d1987 |
||
| 215 |
_a19 p. _d28 cm |
||
| 300 | _aTrad. partielle de : Abortion : a guide to making ethical choices, 1983 | ||
| 606 |
_9145 _aAvortement |
||
| 606 |
_9971 _aChristianisme |
||
| 700 |
_96738 _aReiley Maguire _bMarjorie _f1942- |
||
| 701 |
_96739 _aMaguire _bDaniel Charles _f1931-1925 |
||
| 712 |
_4340 _95091 _aCatholics for a Free Choice (CFFC) |
||
| 801 |
_aCH _bCH-002049-8 |
||